熊本県の「町」の読み - Statistics

General Stats
  • This quiz has been taken 15 times
  • The average score is 14 of 23
Answer Stats
Question Answer % Correct
長洲町 まち
100%
大津町 まち
86%
御船町 まち
86%
玉東町 まち
71%
菊陽町 まち
71%
南小国町 まち
71%
氷川町 ちょう
71%
錦町 まち
71%
多良木町 まち
71%
南関町 まち
57%
和水町 まち
57%
小国町 まち
57%
嘉島町 まち
57%
益城町 まち
57%
津奈木町 まち
57%
湯前町 まち
57%
苓北町 まち
57%
美里町 まち
43%
山都町 ちょう
43%
芦北町 まち
43%
あさぎり町 ちょう
43%
高森町 まち
29%
甲佐町 まち
29%
No matching quizzes found
Score Distribution
Percent of People with Each Score
Percentile by Number Answered
Your Score History
You have not taken this quiz